[Event "Oberliga Ost A 2017 2018"]
[Site "Germany"]
[Date "2018.02.03"]
[Round "6.6"]
[White "Roessler, Bernd"]
[Black "Schuster, Martin"]
[Result "1/2-1/2"]
[WhiteElo "2032"]
[BlackElo "2205"]
[PlyCount "98"]
[EventDate "2017.10.22"]
[EventType "team-tourn"]
[EventCountry "GER"]
[WhiteTeam "Naumburger SV"]
[BlackTeam "Loeberitz SG"]
[WhiteTeamCountry "GER"]
[BlackTeamCountry "GER"]

1. d4 Nf6 2. Nf3 e6 3. Bf4 c5 4. e3 Qb6 5. Qc1 Nc6 6. c3 d5 7. Nbd2 Bd7 8. Ne5
Nxe5 9. Bxe5 Be7 10. Be2 Bb5 11. Bxb5+ Qxb5 12. Qc2 Rc8 13. Bxf6 Bxf6 14. Nf3
Qc4 15. Qe2 cxd4 16. Qxc4 Rxc4 17. exd4 b5 18. a3 O-O 19. Kd2 Rb8 20. Kd3 Rc6
21. Rhc1 a5 22. g3 g6 23. Rab1 Bg7 24. Ra1 h5 25. Nd2 e5 26. dxe5 Bxe5 27. Nb3
a4 28. Nd2 Bf6 29. Nf3 Rc4 30. Nd2 Rc7 31. Nf3 Rbc8 32. Rc2 Re7 33. Re1 Rxe1
34. Nxe1 Kf8 35. Nf3 Ke7 36. Re2+ Kd6 37. h4 Kd7 38. Nd4 Bxd4 39. Kxd4 Kd6 40.
Kd3 f6 41. Re1 Rf8 42. Kd4 Rc8 43. Kd3 g5 44. Rh1 g4 45. Re1 f5 46. Re2 Rf8 47.
Kd4 Rc8 48. Kd3 Rf8 49. Kd4 Rc8 1/2-1/2

[Event "Oberliga Ost A 2017 2018"]
[Site "Germany"]
[Date "2018.02.03"]
[Round "6.7"]
[White "Schindler, Christian"]
[Black "Will, Matthias"]
[Result "1/2-1/2"]
[WhiteElo "2219"]
[BlackElo "2025"]
[PlyCount "81"]
[EventDate "2017.10.22"]
[EventType "team-tourn"]
[EventCountry "GER"]
[WhiteTeam "Loeberitz SG"]
[BlackTeam "Naumburger SV"]
[WhiteTeamCountry "GER"]
[BlackTeamCountry "GER"]

1. Nf3 f5 2. c4 Nf6 3. Nc3 g6 4. g3 Bg7 5. Bg2 d6 6. d3 O-O 7. e4 fxe4 8. dxe4
c5 9. O-O Nc6 10. h3 e5 11. Bg5 h6 12. Bxf6 Bxf6 13. Nd5 Nd4 14. Nxd4 cxd4 15.
f4 Be6 16. f5 Bxd5 17. cxd5 g5 18. Qh5 Bg7 19. Rac1 Rc8 20. Kh2 Rxc1 21. Rxc1
Qd7 22. Bf1 Rc8 23. Rxc8+ Qxc8 24. Qg6 Qc2+ 25. Bg2 Qf2 26. Qe6+ Kh7 27. Qxd6
d3 28. Qg6+ Kg8 29. f6 Qxf6 30. Qxf6 Bxf6 31. Kg1 Bd8 32. Bf1 d2 33. Be2 Bb6+
34. Kf1 Bd4 35. b3 Kf8 36. Bh5 Bc5 37. Ke2 Bb4 38. Kd3 b5 39. Kc2 Ke7 40. Be2
a6 41. Kb2 1/2-1/2

[Event "Oberliga Ost A 2017 2018"]
[Site "Germany"]
[Date "2018.02.03"]
[Round "6.8"]
[White "Packroff, Hermann"]
[Black "Mertens, Fridolin"]
[Result "1-0"]
[WhiteElo "2183"]
[BlackElo "2137"]
[PlyCount "79"]
[EventDate "2017.10.22"]
[EventType "team-tourn"]
[EventCountry "GER"]
[WhiteTeam "Naumburger SV"]
[BlackTeam "Loeberitz SG"]
[WhiteTeamCountry "GER"]
[BlackTeamCountry "GER"]

1. d4 e6 2. Nf3 c5 3. e3 Nf6 4. Bd3 b6 5. Qe2 Nc6 6. c3 Bb7 7. O-O Be7 8. Nbd2
cxd4 9. exd4 O-O 10. Ne4 Na5 11. Nxf6+ Bxf6 12. Be4 Bxe4 13. Qxe4 d5 14. Qe2
Nc4 15. Bf4 Rc8 16. Ne5 b5 17. a4 Bxe5 18. Bxe5 Qb6 19. axb5 Qxb5 20. Rfb1 Qb6
21. Bf4 Rc6 22. h4 a5 23. h5 h6 24. b3 Nd6 25. Bxd6 Rxd6 26. Qb2 Rc6 27. Rc1
Rb8 28. Rab1 Qc7 29. Rc2 Rcb6 30. Qa2 Rb5 31. g3 Qe7 32. Re1 Qd8 33. Rb2 Qg5
34. Qb1 Qxh5 35. Qc2 Qg5 36. Re5 Qd8 37. c4 dxc4 38. Rxb5 Rxb5 39. bxc4 Rh5 40.
Qb1 1-0

[Event "Oberliga Ost A 2017 2018"]
[Site "Germany"]
[Date "2018.02.04"]
[Round "7.1"]
[White "Schubert, Thomas"]
[Black "Pulpan, Jakub"]
[Result "1-0"]
[WhiteElo "2320"]
[BlackElo "2390"]
[PlyCount "85"]
[EventDate "2017.10.22"]
[EventType "team-tourn"]
[EventCountry "GER"]
[WhiteTeam "Leipzig SG"]
[BlackTeam "Aue ESV Nickelhuette II"]
[WhiteTeamCountry "GER"]
[BlackTeamCountry "GER"]

1. d4 Nf6 2. c4 e6 3. Nf3 b6 4. a3 Bb7 5. Nc3 Ne4 6. Bd2 Nxd2 7. Qxd2 d6 8. e4
Nd7 9. Be2 g6 10. O-O Bg7 11. b4 O-O 12. Rac1 a5 13. d5 e5 14. Bd3 f5 15. exf5
gxf5 16. Ng5 Bh6 17. f4 Bxg5 18. fxg5 e4 19. Be2 Qe7 20. Nb5 Ne5 21. Nd4 Bc8
22. Qe3 Bd7 23. Rf2 Ng6 24. g3 axb4 25. axb4 f4 26. gxf4 Rxf4 27. Rg2 Raf8 28.
Rf1 Qe5 29. Ne6 Bxe6 30. dxe6 Qxe6 31. Rxf4 Nxf4 32. Rg3 Qe5 33. Kh1 Qb2 34.
Bf1 Nd5 35. Qe1 Nxb4 36. g6 h6 37. g7 Rf7 38. Bh3 Rxg7 39. Be6+ Kh8 40. Qf1
Rxg3 41. Qf8+ Kh7 42. hxg3 Qc1+ 43. Kh2 1-0

[Event "Oberliga Ost A 2017 2018"]
[Site "Germany"]
[Date "2018.02.04"]
[Round "7.2"]
[White "Cerveny, Martin"]
[Black "Hoffmann, Hendrik"]
[Result "1/2-1/2"]
[WhiteElo "2381"]
[BlackElo "2298"]
[PlyCount "155"]
[EventDate "2017.10.22"]
[EventType "team-tourn"]
[EventCountry "GER"]
[WhiteTeam "Aue ESV Nickelhuette II"]
[BlackTeam "Leipzig SG"]
[WhiteTeamCountry "GER"]
[BlackTeamCountry "GER"]

1. d4 d5 2. Nf3 Nf6 3. c4 dxc4 4. e3 Bg4 5. Bxc4 e6 6. Nbd2 Nbd7 7. Qb3 Nb6 8.
Be2 Qd5 9. h3 Bh5 10. a4 a5 11. Qc2 Qd8 12. Nb3 Bg6 13. Qd1 Bb4+ 14. Bd2 Bxd2+
15. Qxd2 Qd5 16. Nc5 Nbd7 17. Rc1 O-O 18. Nh4 Nxc5 19. Rxc5 Qa2 20. Nxg6 hxg6
21. Qc2 Nd5 22. O-O Nb4 23. Qd2 b6 24. Rxc7 Qxa4 25. Rfc1 Nd5 26. R7c4 Qd7 27.
e4 Nf6 28. Rc7 Qa4 29. Bf3 Rfd8 30. R1c4 Qb5 31. Qc3 Ne8 32. Re7 Rd7 33. e5
Rxe7 34. Bxa8 Kh7 35. Bc6 Qa6 36. d5 exd5 37. Bxd5 Qb5 38. Qf3 Qxb2 39. Bxf7
Qa1+ 40. Kh2 Qxe5+ 41. g3 Nf6 42. Rh4+ Nh5 43. Bb3 Qf6 44. Kg2 Qxf3+ 45. Kxf3
Kh6 46. Rd4 Nf6 47. Rh4+ Nh5 48. Rd4 Nf6 49. Rh4+ Kg5 50. Rf4 Rc7 51. Ba4 Rc5
52. Kg2 b5 53. Bb3 a4 54. Bf7 a3 55. Bb3 Rc3 56. Rb4 Rc5 57. Rf4 Rc8 58. Rb4
Rb8 59. f4+ Kh6 60. g4 g5 61. h4 gxh4 62. g5+ Kg6 63. gxf6 Kxf6 64. Kh3 g5 65.
fxg5+ Kxg5 66. Ba2 Kf6 67. Kxh4 Ke5 68. Kg3 Kd6 69. Kf3 Kc5 70. Re4 Rh8 71. Re1
Rh2 72. Re2 Rh3+ 73. Ke4 Rc3 74. Rd2 b4 75. Rd8 b3 76. Rc8+ Kb4 77. Rb8+ Kc4
78. Rc8+ 1/2-1/2

[Event "Oberliga Ost A 2017 2018"]
[Site "Germany"]
[Date "2018.02.04"]
[Round "7.4"]
[White "Jurasek, Miroslav"]
[Black "Roesemann, Rainer"]
[Result "1/2-1/2"]
[WhiteElo "2276"]
[BlackElo "2208"]
[PlyCount "92"]
[EventDate "2017.10.22"]
[EventType "team-tourn"]
[EventCountry "GER"]
[WhiteTeam "Aue ESV Nickelhuette II"]
[BlackTeam "Leipzig SG"]
[WhiteTeamCountry "GER"]
[BlackTeamCountry "GER"]

1. e4 c6 2. d4 d5 3. e5 Bf5 4. Nd2 e6 5. Nb3 Nd7 6. Nf3 Ne7 7. a4 h6 8. a5 Qc7
9. a6 b5 10. Bd2 Nc8 11. Bd3 Bg4 12. h3 Bxf3 13. Qxf3 Ncb6 14. O-O Nc4 15. Bxc4
bxc4 16. Na5 Be7 17. b3 cxb3 18. cxb3 c5 19. dxc5 Qxc5 20. Qg3 g6 21. Nb7 Qd4
22. Bc3 Qh4 23. Nd6+ Kf8 24. Qf3 Bxd6 25. exd6 Rh7 26. Ra4 Qd8 27. Re1 Nc5 28.
Rg4 Ne4 29. Be5 Kg8 30. h4 Nxd6 31. h5 g5 32. Bf6 Qb6 33. Qd3 Ne4 34. Bd4 Qc6
35. f3 f5 36. fxe4 dxe4 37. Rgxe4 fxe4 38. Rxe4 Rd8 39. Qe3 Qc2 40. Rxe6 Qd1+
41. Kh2 Qxh5+ 42. Kg1 Qd1+ 43. Kh2 Qxd4 44. Re8+ Kg7 45. Qe7+ Kg6 46. Qe6+ Kh5
1/2-1/2

[Event "Oberliga Ost A 2017 2018"]
[Site "Germany"]
[Date "2018.02.04"]
[Round "7.5"]
[White "Rausch, Stephan"]
[Black "Heinz, Juergen"]
[Result "1/2-1/2"]
[WhiteElo "2229"]
[BlackElo "2222"]
[PlyCount "35"]
[EventDate "2017.10.22"]
[EventType "team-tourn"]
[EventCountry "GER"]
[WhiteTeam "Leipzig SG"]
[BlackTeam "Aue ESV Nickelhuette II"]
[WhiteTeamCountry "GER"]
[BlackTeamCountry "GER"]

1. d4 d5 2. Nf3 Nf6 3. c4 c6 4. Nc3 dxc4 5. a4 Bf5 6. e3 Bd3 7. Bxd3 cxd3 8.
Qxd3 Nbd7 9. O-O e6 10. b3 Be7 11. Ba3 Bxa3 12. Rxa3 Qe7 13. Ra2 O-O 14. Rb1
Rfd8 15. b4 e5 16. Qf5 exd4 17. exd4 Qd6 18. b5 1/2-1/2

[Event "Oberliga Ost A 2017 2018"]
[Site "Germany"]
[Date "2018.02.04"]
[Round "7.6"]
[White "Rosko, Lubos"]
[Black "Schultz, Andreas"]
[Result "1-0"]
[WhiteElo "2316"]
[BlackElo "2215"]
[PlyCount "75"]
[EventDate "2017.10.22"]
[EventType "team-tourn"]
[EventCountry "GER"]
[WhiteTeam "Aue ESV Nickelhuette II"]
[BlackTeam "Leipzig SG"]
[WhiteTeamCountry "GER"]
[BlackTeamCountry "GER"]

1. d4 d5 2. Nf3 Nf6 3. Bg5 e6 4. e3 Be7 5. Bd3 Nbd7 6. Nbd2 O-O 7. Qe2 c5 8. c3
b6 9. O-O Bb7 10. Bf4 Ne4 11. Ne5 Nxe5 12. Bxe5 f6 13. Bf4 f5 14. Nf3 g5 15.
Be5 Qe8 16. Ne1 h5 17. a4 a5 18. Bb5 Qg6 19. Bc7 Bd8 20. Bxd8 Rfxd8 21. Nd3 c4
22. Ne5 Qh7 23. f3 Nd6 24. Qf2 Rac8 25. Qg3 Qg7 26. h4 g4 27. Kh2 Rc7 28. Qf4
Qf6 29. fxg4 Qxh4+ 30. Kg1 hxg4 31. g3 Qe7 32. Kg2 Ne4 33. Rh1 Qg5 34. Rh6 Qxf4
35. exf4 Rh7 36. Rah1 Rxh6 37. Rxh6 Rd6 38. Bd7 1-0

[Event "Oberliga Ost A 2017 2018"]
[Site "Germany"]
[Date "2018.02.04"]
[Round "7.7"]
[White "Braun, Gottfried"]
[Black "Floeter, Frank"]
[Result "1/2-1/2"]
[WhiteElo "2220"]
[BlackElo "2123"]
[PlyCount "119"]
[EventDate "2017.10.22"]
[EventType "team-tourn"]
[EventCountry "GER"]
[WhiteTeam "Leipzig SG"]
[BlackTeam "Aue ESV Nickelhuette II"]
[WhiteTeamCountry "GER"]
[BlackTeamCountry "GER"]

1. e4 Nf6 2. e5 Nd5 3. Nc3 e6 4. Nf3 d6 5. exd6 Bxd6 6. Ne4 Be7 7. d4 Nd7 8. c3
N5f6 9. Bd3 Nxe4 10. Bxe4 Nf6 11. Bc2 Bd7 12. O-O O-O 13. Ne5 Bb5 14. c4 Ba6
15. Qd3 g6 16. Bh6 Re8 17. Rad1 Nd7 18. Nf3 b6 19. Ba4 Bb7 20. Qe3 c6 21. Qf4
Qb8 22. Qe3 Qc7 23. Rfe1 a6 24. Ng5 Bd6 25. h4 Nf6 26. Qf3 Nh5 27. Ne4 f5 28.
Nxd6 Qxd6 29. Bb3 Bc8 30. Re5 Bd7 31. Qe3 Qc7 32. c5 Kf7 33. Re1 Qc8 34. cxb6
Rb8 35. f3 Nf6 36. Rc5 Rxb6 37. g4 Qb8 38. Bf4 Qd8 39. gxf5 Nd5 40. fxg6+ hxg6
41. Qe5 Qxh4 42. Bg5 Qh8 43. Rxd5 cxd5 44. Qc7 Qxd4+ 45. Be3 Qb4 46. Rd1 Rb7
47. Qh2 Rg8 48. Bd4 Qe7 49. Qf4+ Ke8 50. Re1 Bc6 51. Qg4 Kd7 52. Re5 Qd6 53.
Qh3 Re8 54. f4 Rbb8 55. Qe3 Qe7 56. Rg5 Rg8 57. Be5 Rb7 58. Bd4 Rbb8 59. Be5
Rb7 60. Bd4 1/2-1/2

[Event "Oberliga Ost A 2017 2018"]
[Site "Germany"]
[Date "2018.02.04"]
[Round "7.8"]
[White "Heinz, Thomas"]
[Black "Gempe, Thomas"]
[Result "1/2-1/2"]
[WhiteElo "2138"]
[BlackElo "2196"]
[PlyCount "28"]
[EventDate "2017.10.22"]
[EventType "team-tourn"]
[EventCountry "GER"]
[WhiteTeam "Aue ESV Nickelhuette II"]
[BlackTeam "Leipzig SG"]
[WhiteTeamCountry "GER"]
[BlackTeamCountry "GER"]

1. e4 c5 2. Nc3 a6 3. g3 b5 4. Bg2 Bb7 5. d3 e6 6. f4 Nf6 7. Nf3 d5 8. e5 d4 9.
exf6 dxc3 10. fxg7 Bxg7 11. b3 O-O 12. Be3 Nd7 13. O-O Qc7 14. Qe2 Rac8 1/2-1/2

[Event "Oberliga Ost A 2017 2018"]
[Site "Germany"]
[Date "2018.02.04"]
[Round "7.1"]
[White "Zwahr, Paul"]
[Black "Pietsch, Michael"]
[Result "1/2-1/2"]
[WhiteElo "2306"]
[BlackElo "2206"]
[PlyCount "49"]
[EventDate "2017.10.22"]
[EventType "team-tourn"]
[EventCountry "GER"]
[WhiteTeam "Dresden SG Gruen Weiss"]
[BlackTeam "Coswig TuS"]
[WhiteTeamCountry "GER"]
[BlackTeamCountry "GER"]

1. e4 c6 2. d4 d5 3. Nc3 dxe4 4. Nxe4 Bf5 5. Ng3 Bg6 6. h4 h6 7. Nf3 Nd7 8. h5
Bh7 9. Bd3 Bxd3 10. Qxd3 e6 11. Bf4 Qa5+ 12. Bd2 Bb4 13. c3 Be7 14. c4 Qc7 15.
d5 cxd5 16. cxd5 Qd6 17. Qb5 Ngf6 18. dxe6 Qxe6+ 19. Kf1 O-O 20. Re1 Qd5 21.
Qxd5 Nxd5 22. Nf5 Bf6 23. g4 Rfe8 24. Kg2 Nc5 25. b3 1/2-1/2

[Event "Oberliga Ost A 2017 2018"]
[Site "Germany"]
[Date "2018.02.04"]
[Round "7.2"]
[White "Schweitzer, Andreas"]
[Black "Gehmlich, Marcel"]
[Result "1/2-1/2"]
[WhiteElo "2228"]
[BlackElo "2187"]
[PlyCount "25"]
[EventDate "2017.10.22"]
[EventType "team-tourn"]
[EventCountry "GER"]
[WhiteTeam "Coswig TuS"]
[BlackTeam "Dresden SG Gruen Weiss"]
[WhiteTeamCountry "GER"]
[BlackTeamCountry "GER"]

1. e4 c5 2. Nf3 e6 3. d4 cxd4 4. Nxd4 a6 5. Nc3 Qc7 6. g3 Nf6 7. Bg2 Be7 8. O-O
O-O 9. f4 d6 10. Be3 Bd7 11. g4 h6 12. g5 hxg5 13. fxg5 1/2-1/2

[Event "Oberliga Ost A 2017 2018"]
[Site "Germany"]
[Date "2018.02.04"]
[Round "7.3"]
[White "Schnoor, Ekkehard"]
[Black "Mueller, Richard"]
[Result "0-1"]
[WhiteElo "2173"]
[BlackElo "2161"]
[PlyCount "72"]
[EventDate "2017.10.22"]
[EventType "team-tourn"]
[EventCountry "GER"]
[WhiteTeam "Dresden SG Gruen Weiss"]
[BlackTeam "Coswig TuS"]
[WhiteTeamCountry "GER"]
[BlackTeamCountry "GER"]

1. e4 c5 2. Nf3 e6 3. b3 Nc6 4. Bb2 d5 5. Bb5 Nf6 6. exd5 exd5 7. Qe2+ Be7 8.
Bxf6 gxf6 9. Bxc6+ bxc6 10. Nc3 Be6 11. Qd3 Qd7 12. O-O O-O-O 13. Qa6+ Kb8 14.
Rfb1 Ka8 15. Na4 Rb8 16. a3 Rhg8 17. g3 Qc7 18. Qd3 f5 19. b4 c4 20. Qe2 f4 21.
d3 fxg3 22. hxg3 Bd6 23. Nh2 cxd3 24. cxd3 h5 25. Nc5 Bh3 26. Nf1 h4 27. Na6
Qb6 28. Nxb8 hxg3 29. Qe3 Qxb8 30. b5 Bf4 31. Qc5 gxf2+ 32. Kxf2 Qe5 33. Qxc6+
Kb8 34. b6 Rg2+ 35. Kf3 Qh5+ 36. Kxf4 Qf5+ 0-1

[Event "Oberliga Ost A 2017 2018"]
[Site "Germany"]
[Date "2018.02.04"]
[Round "7.4"]
[White "Escher, Thomas"]
[Black "Zimmermann, Rene"]
[Result "0-1"]
[WhiteElo "2150"]
[BlackElo "2173"]
[PlyCount "116"]
[EventDate "2017.10.22"]
[EventType "team-tourn"]
[EventCountry "GER"]
[WhiteTeam "Coswig TuS"]
[BlackTeam "Dresden SG Gruen Weiss"]
[WhiteTeamCountry "GER"]
[BlackTeamCountry "GER"]

1. e4 e6 2. d4 d5 3. Nc3 Bb4 4. e5 c5 5. Bd2 Ne7 6. Nb5 Bxd2+ 7. Qxd2 O-O 8.
dxc5 Nd7 9. Nf3 Nxc5 10. Bd3 Nxd3+ 11. Qxd3 b6 12. O-O a5 13. Rfe1 Ba6 14. Nfd4
Qd7 15. a4 Rac8 16. Qd2 Bxb5 17. Nxb5 Ng6 18. g3 f6 19. exf6 gxf6 20. f4 e5 21.
fxe5 fxe5 22. Nc3 Rcd8 23. Rf1 Qc6 24. Rxf8+ Kxf8 25. h4 Ne7 26. Rf1+ Ke8 27.
Qg5 e4 28. Qh5+ Qg6 29. Qe5 e3 30. Rf6 Qxc2 31. Re6 Qf2+ 32. Kh1 Qf7 33. Nb5 d4
34. Nc7+ Kd7 35. Rf6 Qc4 36. Rd6+ Kc8 37. Rxd8+ Kxd8 38. Ne6+ Ke8 39. Nxd4 Qc1+
40. Kh2 Qxb2+ 41. Kh3 e2 42. Qh5+ Kd7 43. Qg4+ Kc7 44. Nxe2 b5 45. Qf4+ Kb7 46.
Nd4 bxa4 47. Qe4+ Kc8 48. Qe6+ Kd8 49. Nf3 Qc2 50. Qd6+ Ke8 51. Ne5 Qc8+ 52.
Kh2 Qb7 53. h5 Qb5 54. Kh3 a3 55. Qf6 Qd5 56. Qh8+ Qg8 57. Qf6 a2 58. Qd6 Qxg3+
0-1

[Event "Oberliga Ost A 2017 2018"]
[Site "Germany"]
[Date "2018.02.04"]
[Round "7.5"]
[White "Hutsch, Oliver"]
[Black "Klawa, Patrick"]
[Result "0-1"]
[WhiteElo "2161"]
[BlackElo "2163"]
[PlyCount "152"]
[EventDate "2017.10.22"]
[EventType "team-tourn"]
[EventCountry "GER"]
[WhiteTeam "Dresden SG Gruen Weiss"]
[BlackTeam "Coswig TuS"]
[WhiteTeamCountry "GER"]
[BlackTeamCountry "GER"]

1. d4 f5 2. c4 Nf6 3. Nc3 g6 4. g3 Bg7 5. Bg2 O-O 6. Nf3 d6 7. O-O c6 8. Qc2
Qc7 9. c5 Na6 10. Bf4 Nh5 11. Qb3+ Kh8 12. cxd6 exd6 13. Bd2 d5 14. Rac1 Qe7
15. Rfe1 f4 16. e4 fxe3 17. Bxe3 Qb4 18. Qc2 Nc7 19. Qd2 Be6 20. a3 Qd6 21. Ne5
Rae8 22. f4 Nf6 23. Na4 Bc8 24. Qa5 Nb5 25. Bd2 Qb8 26. Qb4 Bf5 27. Nc5 Qc8 28.
a4 Nd6 29. Qb3 Nfe4 30. Bb4 Rf6 31. Qa3 Bf8 32. Ncd3 a5 33. Bc5 Bh3 34. Qb3
Bxg2 35. Kxg2 h6 36. Bxd6 Bxd6 37. Qd1 Kg7 38. Rf1 Ref8 39. Qe2 Qe6 40. Rce1 g5
41. Ng4 R6f7 42. Nde5 Re7 43. fxg5 hxg5 44. Rxf8 Kxf8 45. Rf1+ Ke8 46. Qf3 Kd8
47. Qf8+ Kc7 48. Qh8 c5 49. Rc1 Kb6 50. h3 cxd4 51. Nd3 Nc5 52. Qxd4 Qe4+ 53.
Qxe4 Rxe4 54. Nxc5 Bxc5 55. Kf3 Rxa4 56. Ne5 Be7 57. Nd3 Rd4 58. Nf2 Rb4 59.
Nd3 Rb3 60. Ke2 Bd6 61. h4 gxh4 62. gxh4 Be7 63. h5 Ka7 64. h6 Rb6 65. Rh1 Re6+
66. Kf3 Bf6 67. h7 Re8 68. Rh2 Bh8 69. Nf4 Rf8 70. Kg4 Be5 71. Rf2 Rf7 72. Nd3
Rxf2 73. Nxf2 Bxb2 74. Nd3 Bh8 75. Kf5 a4 76. Nb4 a3 0-1

[Event "Oberliga Ost A 2017 2018"]
[Site "Germany"]
[Date "2018.02.04"]
[Round "7.6"]
[White "Merker, Matthias"]
[Black "Nake, Matthias"]
[Result "1/2-1/2"]
[WhiteElo "2133"]
[BlackElo "2170"]
[PlyCount "31"]
[EventDate "2017.10.22"]
[EventType "team-tourn"]
[EventCountry "GER"]
[WhiteTeam "Coswig TuS"]
[BlackTeam "Dresden SG Gruen Weiss"]
[WhiteTeamCountry "GER"]
[BlackTeamCountry "GER"]

1. d4 Nf6 2. c4 g6 3. Nc3 d5 4. Nf3 Bg7 5. cxd5 Nxd5 6. e4 Nxc3 7. bxc3 O-O 8.
Be2 c5 9. O-O Nc6 10. d5 Ne5 11. Nxe5 Bxe5 12. Qd2 Qa5 13. Bb2 e6 14. f4 Bg7
15. d6 Bd7 16. Qe3 1/2-1/2

[Event "Oberliga Ost A 2017 2018"]
[Site "Germany"]
[Date "2018.02.04"]
[Round "7.7"]
[White "Kunze, Christopher"]
[Black "Kieslich, Aaron"]
[Result "1-0"]
[WhiteElo "2114"]
[BlackElo "2048"]
[PlyCount "107"]
[EventDate "2017.10.22"]
[EventType "team-tourn"]
[EventCountry "GER"]
[WhiteTeam "Dresden SG Gruen Weiss"]
[BlackTeam "Coswig TuS"]
[WhiteTeamCountry "GER"]
[BlackTeamCountry "GER"]

1. e4 c5 2. Nc3 Nc6 3. g3 g6 4. Bg2 Bg7 5. d3 d6 6. Be3 e6 7. Qd2 Nge7 8. Bh6
O-O 9. h4 Re8 10. Bxg7 Kxg7 11. h5 Ng8 12. f4 d5 13. e5 Rb8 14. Nf3 b5 15. hxg6
fxg6 16. Nd1 Bb7 17. Nf2 Qa5 18. Rh2 Qxd2+ 19. Kxd2 h6 20. Rah1 Nce7 21. Bh3
Bc8 22. d4 c4 23. Bg4 Bd7 24. Ng5 Nf5 25. Bxf5 exf5 26. Nd1 Bc6 27. Nf3 Bd7 28.
Ne3 Be6 29. Rh4 h5 30. Ng5 Rbd8 31. R4h2 Nh6 32. c3 Ng4 33. Nxg4 fxg4 34. Nxe6+
Rxe6 35. f5 gxf5 36. Rxh5 Rf8 37. Rh7+ Kg8 38. Ke3 f4+ 39. gxf4 g3 40. Rh8+ Kf7
41. R1h7+ Kg6 42. Rxf8 Kxh7 43. f5 Rh6 44. Kf3 Rh2 45. Kxg3 Rxb2 46. e6 Re2 47.
Kf3 Re1 48. Rf7+ Kg8 49. Rxa7 Rf1+ 50. Kg4 b4 51. cxb4 c3 52. Rc7 Rc1 53. Rc8+
Kg7 54. e7 1-0

[Event "Oberliga Ost A 2017 2018"]
[Site "Germany"]
[Date "2018.02.04"]
[Round "7.8"]
[White "Wolf, Mario"]
[Black "Rudolf, Matthias"]
[Result "0-1"]
[WhiteElo "1968"]
[BlackElo "2090"]
[PlyCount "86"]
[EventDate "2017.10.22"]
[EventType "team-tourn"]
[EventCountry "GER"]
[WhiteTeam "Coswig TuS"]
[BlackTeam "Dresden SG Gruen Weiss"]
[WhiteTeamCountry "GER"]
[BlackTeamCountry "GER"]

1. d4 e6 2. c4 b6 3. Nc3 Bb4 4. Bd2 Bb7 5. e3 f5 6. Nf3 Nf6 7. Bd3 O-O 8. Qe2
Bxc3 9. Bxc3 Ne4 10. Rc1 d6 11. O-O Nd7 12. Nd2 Qe7 13. f3 Nxc3 14. Rxc3 e5 15.
f4 Rae8 16. Qf2 Kh8 17. b4 c5 18. bxc5 bxc5 19. Rb1 Bc8 20. Nb3 g5 21. fxe5
dxe5 22. d5 e4 23. Bf1 Ne5 24. Qd2 Qd6 25. Nxc5 Qxc5 26. Rb5 Qe7 27. c5 Qf6 28.
Ra3 f4 29. exf4 Qxf4 30. Qxf4 Rxf4 31. Rxa7 Ref8 32. Rb1 e3 33. Re7 Re4 34. d6
e2 35. Bxe2 Rxe2 36. c6 Rff2 37. Rxe5 Rxg2+ 38. Kh1 Rxh2+ 39. Kg1 Reg2+ 40. Kf1
Ba6+ 41. Rbb5 Bxb5+ 42. Rxb5 Rc2 43. Kg1 Rhd2 0-1

[Event "Oberliga Ost A 2017 2018"]
[Site "Germany"]
[Date "2018.02.04"]
[Round "7.1"]
[White "Schmidt Schaeffer, Sebastian"]
[Black "Spreng, Simon"]
[Result "1-0"]
[WhiteElo "2373"]
[BlackElo "2235"]
[PlyCount "97"]
[EventDate "2017.10.22"]
[EventType "team-tourn"]
[EventCountry "GER"]
[WhiteTeam "Naumburger SV"]
[BlackTeam "Dessau SK"]
[WhiteTeamCountry "GER"]
[BlackTeamCountry "GER"]

1. d4 Nf6 2. e3 g6 3. Nf3 Bg7 4. Be2 O-O 5. O-O d6 6. c4 Nbd7 7. Nc3 e5 8. Qc2
Re8 9. a4 a5 10. b3 c6 11. Ba3 exd4 12. exd4 Nf8 13. d5 Nh5 14. Rae1 Nf4 15.
Bd3 Rxe1 16. Rxe1 Bg4 17. Nd2 Qf6 18. Nde4 Qd4 19. Bf1 f5 20. Bxd6 fxe4 21.
Nxe4 Nh5 22. Bc5 Qb2 23. Qd3 Nd7 24. Bd6 Ne5 25. Qe3 Nf7 26. dxc6 bxc6 27. c5
Be6 28. Nd2 Bd5 29. Nc4 Qc3 30. Nb6 Qxe3 31. Rxe3 Rd8 32. Bc7 Rf8 33. Nxd5 cxd5
34. Bxa5 Ne5 35. Bc7 Ng4 36. Rf3 Rc8 37. Bd6 Nhf6 38. h3 Nh6 39. b4 Nf5 40. Be5
Ne4 41. Ba6 Re8 42. Bxg7 Kxg7 43. Rd3 Rb8 44. f3 Rxb4 45. fxe4 dxe4 46. Rd7+
Kf6 47. c6 Rb1+ 48. Kf2 Rb2+ 49. Ke1 1-0

[Event "Oberliga Ost A 2017 2018"]
[Site "Germany"]
[Date "2018.02.04"]
[Round "7.2"]
[White "Matthey, Harald"]
[Black "Heinrich, Julius Tobias"]
[Result "1-0"]
[WhiteElo "2108"]
[BlackElo "2129"]
[PlyCount "45"]
[EventDate "2017.10.22"]
[EventType "team-tourn"]
[EventCountry "GER"]
[WhiteTeam "Dessau SK"]
[BlackTeam "Naumburger SV"]
[WhiteTeamCountry "GER"]
[BlackTeamCountry "GER"]

1. Nf3 e6 2. b3 d5 3. Bb2 c5 4. e3 Nc6 5. Be2 Nf6 6. O-O Bd6 7. d4 O-O 8. Nbd2
cxd4 9. exd4 Ne4 10. Ne5 Qc7 11. f4 Ne7 12. Bd3 Nxd2 13. Qxd2 f6 14. g4 Qb8 15.
Qg2 Bb4 16. c3 Ba5 17. Ba3 fxe5 18. fxe5 Bd7 19. Bxe7 Re8 20. Qh3 h6 21. Qh5
Bb5 22. Qf7+ Kh8 23. Bxb5 1-0

[Event "Oberliga Ost A 2017 2018"]
[Site "Germany"]
[Date "2018.02.04"]
[Round "7.3"]
[White "Gering, Samuel"]
[Black "Schubert, Ralf"]
[Result "1-0"]
[WhiteElo "2087"]
[BlackElo "2148"]
[PlyCount "105"]
[EventDate "2017.10.22"]
[EventType "team-tourn"]
[EventCountry "GER"]
[WhiteTeam "Naumburger SV"]
[BlackTeam "Dessau SK"]
[WhiteTeamCountry "GER"]
[BlackTeamCountry "GER"]

1. d4 Nf6 2. c4 g6 3. Nc3 Bg7 4. e4 d6 5. h3 O-O 6. Be3 Na6 7. Nf3 c5 8. Be2
cxd4 9. Nxd4 Nc5 10. Qc2 Bd7 11. O-O a6 12. Rac1 e5 13. Nb3 Ne6 14. Rfd1 Qe7
15. Qd2 Bc6 16. f3 Rfd8 17. Nd5 Qf8 18. Qb4 Nh5 19. Nb6 Rab8 20. c5 dxc5 21.
Nxc5 Nd4 22. Bxd4 exd4 23. Nxa6 bxa6 24. Qxf8+ Kxf8 25. Rxc6 d3 26. Rxd3 Rxd3
27. Bxd3 Bd4+ 28. Kf1 Rxb6 29. Rxb6 Bxb6 30. Bxa6 Ke7 31. Ke1 Bd4 32. b3 Nf4
33. Bf1 g5 34. Kd2 Kd6 35. b4 f6 36. a4 Ne6 37. Kd3 Kc6 38. Kc4 Bf2 39. Bd3 h5
40. a5 Nc7 41. e5 fxe5 42. Be4+ Kd7 43. b5 Ne6 44. Bf5 Kd6 45. Bxe6 Kxe6 46. b6
g4 47. Kb5 gxh3 48. gxh3 Kd7 49. a6 Kc8 50. Kc6 Kb8 51. a7+ Ka8 52. Kc7 Bxb6+
53. Kxb6 1-0